| 000 | 00348nam a22001217a 4500 | ||
|---|---|---|---|
| 008 | 160506b xxu||||| |||| 00| 0 eng d | ||
| 020 | _a9780781748452 | ||
| 020 | _a0781748453 | ||
| 041 | _aeng | ||
| 080 | _a61 | ||
| 245 |
_aApplied therapeutics the clinical use of drugs: _cMary Anne Koda Kimble; LLoyd Yee Young;Wayne A. Kradjan; |
||
| 942 |
_2udc _cBK |
||
| 999 |
_c1866 _d1866 |
||